000 00414nam a2200169Ia 4500
008 180424s9999 xx 000 0 und d
084 _a370 D5
100 _a"Dempsey, Richard A"
245 0 _aDifferentiated Staffing
250 _a\\193200ENGGPSX
260 _aPrentice Hall
260 _b1932
260 _cEnglewood Cliffs
300 _aix+238p
500 _aincludes index and biblioraphy
942 _cBK
999 _c27389
_d27389